000
00324 a2200145 4500
001
151082
040
_c
Escola São Tomás de Aquino
100
_a
MACHADO, Ana Maria
240
1
0
_a
Abrindo caminho
_l
por
245
1
0
_a
Abrindo caminho
362
0
_a
2003
440
1
_a
Ática
697
_a
*LITERATURA INFANTO
942
_c
BK
999
_c
151082
_d
151082